Historicidad de Jesús (Registro nro. 16784)

Detalles MARC
000 -LEADER
campo de control de longitud fija 00738nam a2200193 i 4500
001 - NÚMERO DE CONTROL
campo de control 16784
003 - IDENTIFICADOR DE NÚMERO DE CONTROL
campo de control ES-MaACL
005 - FECHA Y HORA DE LA ÚLTIMA TRANSACCIÓN
campo de control 20230906151408.0
007 - CAMPO FIJO DE DESCRIPCIÓN FÍSICA--INFORMACIÓN GENERAL
campo de control de longitud fija t|
008 - DATOS DE LONGITUD FIJA--INFORMACIÓN GENERAL
campo de control de longitud fija 001106q19601969fr ||||1| spa d
080 ## - NÚMERO DE LA CLASIFICACIÓN DECIMAL UNIVERSAL
Número de la Clasificación Decimal Universal 232.9
100 1# - ENTRADA PRINCIPAL--NOMBRE DE PERSONA
Nombre de persona Ryner, Han (
Fechas asociadas al nombre 1861-1938)
9 (RLIN) 101113
245 10 - MENCIÓN DEL TÍTULO
Título Historicidad de Jesús
Resto del título : (conferencia celebrada el 25 de febrero de 1931 en las charlas populares de París, con la contradicción del abate Candillon y la intervención de Lázaro Rachline) /
Mención de responsabilidad, etc. Han Ryner ; traducción de Fernando Ferrer.
260 ## - PUBLICACIÓN, DISTRIBUCIÓN, ETC.
Lugar de publicación, distribución, etc. [Toulouse] :
Nombre del editor, distribuidor, etc. Cénit,
Fecha de publicación, distribución, etc. [196-?]
300 ## - DESCRIPCIÓN FÍSICA
Extensión 63 p. ;
Dimensiones 17 cm.
600 14 - PUNTO DE ACCESO ADICIONAL DE MATERIA--NOMBRE DE PERSONA
Nombre de persona Jesucristo-
Subdivisión general Historicidad.
9 (RLIN) 66367
700 1# - ENTRADA AGREGADA--NOMBRE PERSONAL
Nombre de persona Ferrer, Fernando.
9 (RLIN) 50416
852 ## - LOCALIZACIÓN
Ubicación ES-MaACL
Número de control de estantería 2156-F-9
Sublocalización o colección R.126951
Existencias
Estatus retirado Estado de pérdida Estado de daño No para préstamo Colección Biblioteca de origen Biblioteca actual Ubicación en estantería Fecha de adquisición Fuente de adquisición Total de préstamos Signatura topográfica completa Código de barras Visto por última vez Precio de reemplazo Tipo de ítem Koha
        Colección de folletos Biblioteca del Ateneo de Madrid Biblioteca del Ateneo de Madrid Depósito folletos 17/01/2008     2156-F-9 1017047 23/02/2023 23/02/2023 Folleto